Statistics for Borders on Highest Point of Both Countries

Click here to take the quiz!

General Stats

  • This quiz has been taken 110 times
  • The average score is 6 of 15

Answer Stats

ANSWER % Correct
China
100%
Nepal
98%
Everest
89%
France
83%
Italy
80%
Blanc
45%
DR Congo
36%
Uganda
36%
Albania
12%
Macedonia
12%
Cote d'Ivoire
11%
Guinea
10%
Stanley
4%
Korab
3%
Richard-Molard
1%

Score Distribution

Percentile by Number Answered

Percent of People with Each Score

Your Score History

You have not taken this quiz